Outside literature = Literatura desde afuera /
محفوظ في:
| المؤلف الرئيسي: | |
|---|---|
| التنسيق: | غير معروف |
| اللغة: | English |
| منشور في: |
Londres ; New York :
Routledge,
1990.
|
| الموضوعات: | |
| الوسوم: |
إضافة وسم
لا توجد وسوم, كن أول من يضع وسما على هذه التسجيلة!
|
MARC
| LEADER | 000000000a22000000004500 | ||
|---|---|---|---|
| 001 | 014694 | ||
| 041 | 0 | |a eng | |
| 082 | 0 | 4 | |a 801.95 |b B471o |
| 100 | 1 | |a Bennett, Tony, |d 1947- | |
| 245 | 1 | 0 | |a Outside literature = |b Literatura desde afuera / |c Tony Bennett. |
| 246 | 3 | 1 | |a Literatura desde afuera |
| 260 | 1 | |a Londres ; New York : |b Routledge, |c 1990. | |
| 300 | |a 310 páginas ; |c 23 cm. | ||
| 650 | 4 | |a CRITICA MARXISTA | |
| 650 | 4 | |a LITERATURA | |
| 650 | 4 | |a ESTETICA | |
| 650 | 4 | |a POSMODERNISMO | |
| 650 | 4 | |a ESTRUCTURALISMO | |
| 500 | |a Colección George Yúdice | ||
| 999 | |c 20570 |d 20570 | ||
| 942 | |c BK |h 801.95 B471o |2 z | ||
